000 00860nam a22002417a 4500
003 UA-OsUOA
001 23816
007 ta
008 20040129b un ||||| |||| 00| 0 ukr d
090 _a347.73(477)(08)
_bП44
942 _cBK
040 _aUA-OsUOA
_bukr
_cUA-OsUOA
_dUA-OsUOA
245 _aПодаткова політика в Україні та ії нормативно-правове забезпечення
_bЗбірник наукових праць за матеріалами міжнародної науково-практичної конференції (1-2 грудня 2000 року)
300 _a349 с.
955 _a0
041 _aukr
080 _a347.73(477)(08)
020 _a966-7257-53-3
260 _aІрпінь
_bАкадемія ДПС Україна
_c2000
044 _aUA
650 7 _2UDC
999 _c310075
_d310075